000 00720nam a2200253 i 4500
001 bgj
245 1 0 _aBasis :
_bJahrbuch für deutsche Gegenwartsliteratur.
_chrsg. von Reinhold Grimm und Jost Hermand.
_nBd. 9 /
260 _aFrankfurt am Main :
_bSuhrkamp,
_c1979.
300 _a271, [1] s. ;
_c18 cm.
490 1 _aSuhrkamp Taschenbuch
_v553
504 _aBibliogr. s. 259-[272].
650 9 _aLiteratura niemiecka
700 1 _aGRIMM, Reinhold.
700 1 _aHERMAND, Jost.
830 _aSuhrkamp Taschenbuch
020 _a3518370537
040 _cBPK
041 0 _ager
044 _aDEU
080 _a821.112.2
920 _a3-518-37053-7
942 _cKS
008 s gw f |000 0 ger
999 _c50236
_d50236
856 _uhttp://koha.tu.koszalin.pl/cgi-bin/koha/opac-detail.pl?biblionumber=50236
_yKatalog online BPK